00432 a2200121 4500100003200000245005300032300003700085650002100122773005500143942000700198952008800205999001700293 aHAWKSON,Emmanuel Ebo924594 aCJ advocates financial independence of judiciary aThursday,September 28,2023 Page  aJournalism910930 tDaily GraphicdAccra Daily Graphic 2023x0855-1529 cPR 001040718PRaPLbPLcTFWWd2023-12-05l0r2023-12-05 00:00:00t1w2023-12-05yPR c47930d47930